[Event "31st open TETEVEN"]
[Site "Teteven"]
[Date "2016.08.18"]
[Round "6.30"]
[White "Tsolov, Emil"]
[Black "Kosturkov, Krasimir"]
[Result "0-1"]
[WhiteElo "1927"]
[BlackElo "1650"]
[PlyCount "68"]
[EventDate "2016.08.13"]
[EventType "swiss"]
[EventRounds "9"]
[EventCountry "BUL"]

1. e4 c5 2. Nf3 Nc6 3. d4 cxd4 4. Nxd4 Nf6 5. Nc3 e5 6. Ndb5 d6 7. Bg5 a6 8.
Na3 b5 9. Naxb5 ({RR} 9. Bxf6) ({RR} 9. Bxb5 axb5 10. Naxb5 Ra5 11. a4 Be6 12.
Qd2 Be7 13. Bxf6 gxf6 14. Rd1 f5 15. exf5 Bxf5 16. Nxd6+ Bxd6 17. Qxd6 Qxd6 18.
Rxd6 Nd4 19. Kd2 Ke7 20. Rb6 Rd8 21. Kc1 Nxc2 22. g4 Bg6 23. h4 Nd4 {
Malakhov,P-Zakharova,V (1863)/Barnaul 2015/CBM 164 Extra/0-1 (75)}) 9... axb5
10. Bxb5 Bb7 11. Nd5 $146 ({RR} 11. Bxf6 gxf6 ({RR} 11... Qxf6 12. O-O Rc8 13.
Qe2 Be7 14. Rad1 O-O 15. Nd5 Qe6 16. c3 Bg5 17. Rd3 Ne7 18. Nb6 Rcd8 19. Bc4 d5
20. Nxd5 Nxd5 21. Rf3 Qb6 22. exd5 Bxd5 23. Bxd5 Rxd5 24. c4 Rd2 25. Rb3 Qd4
26. Qh5 {Hj,A (2093)-Akiko,C/Da Nang 2008/CBM 125 Extra/0-1}) 12. Qd5 ({RR} 12.
O-O Bg7 13. Nd5 O-O 14. Bd3 Ne7 15. Ne3 f5 16. exf5 e4 17. Bc4 d5 18. Qg4 Kh8
19. Rad1 Qa5 20. Qh4 Rfe8 21. f6 dxc4 22. Rd7 Ng6 23. fxg7+ Kxg7 24. Qh3 Bc8
25. Nf5+ Kg8 26. Nh6+ Kg7 {
Eriksson,K (2058)-Thuesen,M (2196)/Helsingor 2014/CBM 161 Extra/1-0}) 12... Qc7
13. Qc4 Rc8 14. Nd5 Qd8 15. Nb4 Qd7 16. Nd5 Qe6 17. a4 Bg7 18. b4 O-O 19. a5
Nd4 20. Nc7 Qxc4 {0-1 Pronost,D (1420)-Drean,P (1720)/Bretagne 2002/EXT 2008})
11... Be7 12. O-O O-O 13. Bxf6 Bxf6 14. c3 Bg5 15. Qg4 h6 16. a4 Ne7 17. h4 f5
18. exf5 Nxd5 19. hxg5 Qxg5 20. Qxg5 hxg5 21. Bd7 Bc8 $2 (21... Kf7 $142 $1 $19
) 22. Bc6 Nb6 23. Bxa8 (23. a5 $142 $18) 23... Nxa8 24. Rad1 Rf6 25. g4 g6 26.
fxg6 Bxg4 27. f3 Bxf3 28. Rxf3 Rxf3 29. Rxd6 Nc7 30. Rc6 Nd5 31. Rc5 Rd3 32. c4
Ne3 33. Rxe5 Rd1+ 34. Kf2 Ng4+ 0-1

[Event "31st open TETEVEN"]
[Site "Teteven"]
[Date "2016.08.18"]
[Round "6.40"]
[White "Banev, Simeon"]
[Black "Stoyanov, Yordan"]
[Result "1/2-1/2"]
[WhiteElo "1429"]
[BlackElo "1538"]
[PlyCount "52"]
[EventDate "2016.08.13"]
[EventType "swiss"]
[EventRounds "9"]
[EventCountry "BUL"]

1. d4 Nf6 2. c4 e6 3. Nc3 Bb4 4. Bd2 O-O 5. a3 Bxc3 6. Bxc3 Ne4 7. Bd2 Qf6 8.
Nf3 d5 9. e3 Re8 10. Bd3 Nxd2 11. Qxd2 Nd7 12. b4 c6 13. O-O e5 14. dxe5 Nxe5
15. Nxe5 Qxe5 16. c5 Qg5 17. Rfe1 Bh3 18. Bf1 Re7 19. g3 Bxf1 20. Kxf1 Qh5 21.
Kg1 Qf3 22. Qe2 Qe4 23. Rad1 Rae8 24. Rd4 Qe5 25. Kf1 g6 26. Qf3 Qe6 1/2-1/2

[Event "31st open TETEVEN"]
[Site "Teteven"]
[Date "2016.08.18"]
[Round "6.41"]
[White "Koev, Koycho"]
[Black "Kolev, Georgi"]
[Result "0-1"]
[WhiteElo "1411"]
[BlackElo "1517"]
[PlyCount "66"]
[EventDate "2016.08.13"]
[EventType "swiss"]
[EventRounds "9"]
[EventCountry "BUL"]

1. d4 d5 2. c4 dxc4 3. e4 c5 4. d5 e6 5. Bxc4 exd5 6. exd5 Nf6 7. Nf3 Bd6 8.
O-O ({RR} 8. Qe2+ Qe7 9. Qxe7+ Kxe7 10. O-O Bf5 11. Nc3 a6 12. Re1+ Kd8 13. Ne5
Bg6 14. Bg5 Nbd7 15. Nxd7 {
1/2 Komarov,D (2580)-Gyimesi,Z (2505)/Ulcinj 1998/EXT 1999}) 8... O-O 9. Bg5 ({
RR} 9. h3 a6 10. a4 Bf5 11. Nc3 Nbd7 12. Be3 Qc7 13. Bd3 Bg6 14. Rc1 Rad8 15.
Bxg6 hxg6 16. Qb3 Rfe8 17. Bg5 c4 18. Qa2 Bf4 19. Bxf4 Qxf4 20. a5 Nc5 21. Rcd1
Nd3 22. Nd2 Nxd5 23. Nxc4 Nxc3 {
Mendoza,R (2189)-Oquendo,E (1997)/Panama City 2013/EXT 2014/0-1 (33)}) 9... Bg4
10. Qd3 $146 ({RR} 10. Nc3 Nbd7 11. Ne4 Qc7 ({RR} 11... Be5 12. Be2 Bxf3 13.
Bxf3 Qb6 14. Qd2 Nxe4 15. Bxe4 Qd6 16. f4 Bd4+ 17. Kh1 Nb6 18. Rad1 h6 19. Bh4
Rae8 20. Qc2 Nxd5 21. Bf2 Nb4 22. Qb1 Qb6 23. Bxd4 cxd4 24. a3 Nc6 25. b4 Rd8
26. Rd2 {Wieczorek,R (2163)-Weglarz,L (2400)/Suwalki 1999/EXT 2000/1-0 (41)})
12. Bxf6 Nxf6 13. Nxf6+ gxf6 14. h3 Bh5 15. Re1 Rfe8 16. Qb3 a6 17. a4 Bg6 18.
Bd3 Qd7 19. Nd2 Re7 20. Bxg6 fxg6 21. Ne4 Kg7 22. Qc3 Be5 23. Qxc5 Bxb2 24. Ng5
Rae8 {Capablanca,J-Zubarev,N/Moscow 1925/HCL/1-0 (43)}) ({RR} 10. Nbd2 Nbd7 11.
h3 Bxf3 12. Qxf3 Qc7 13. Rac1 a6 14. Rfd1 b5 15. Bxf6 Nxf6 16. Bd3 Rfe8 17. Bb1
Re5 18. Nf1 Rae8 19. Ne3 Qe7 20. Kf1 g6 21. Rd2 h5 22. g3 Kg7 23. Kg2 c4 24.
Rcd1 Qa7 {Salus,S (2237)-Peric,S (2300)/France 1999/EXT 2002/0-1}) 10... Nbd7
11. Nbd2 Qc7 12. h3 Bh5 13. Ne4 Bg6 14. Bxf6 Bxe4 15. Qxe4 Nxf6 16. Qd3 a6 17.
Bb3 Rac8 18. Rac1 Bf4 19. Rc2 b5 20. a3 c4 21. Qd4 Qd6 22. Ba2 Nxd5 23. Rd1
Rfd8 24. Qe4 Qe6 25. Qxe6 fxe6 26. Re2 Kf7 27. Nd4 Nc7 28. Re4 e5 29. Bb1 Ne6
30. Bc2 Rxd4 31. Rexd4 exd4 32. Bf5 g6 33. Bxe6+ Kxe6 0-1

[Event "31st open TETEVEN"]
[Site "Teteven"]
[Date "2016.08.19"]
[Round "7.1"]
[White "Raev, Rostislav"]
[Black "Nikolov, Sasho"]
[Result "1-0"]
[WhiteElo "2257"]
[BlackElo "2359"]
[PlyCount "103"]
[EventDate "2016.08.13"]
[EventType "swiss"]
[EventRounds "9"]
[EventCountry "BUL"]

1. d4 g6 2. Nf3 Bg7 3. g3 Nf6 4. Bg2 O-O 5. O-O d6 6. b3 e5 7. Bb2 ({RR} 7.
dxe5 dxe5 8. Qxd8 Rxd8 9. Bb2 e4 10. Nfd2 Bf5 11. Nc4 Nc6 12. Nc3 Nd4 13. Ne3
Ng4 14. Ned1 Nxc2 15. Rc1 Nd4 16. Re1 Bh6 17. e3 Nf3+ 18. Bxf3 exf3 19. Nb5 c6
20. Nd4 Be4 21. Nc3 f5 {
Nanu,C (2509)-Jianu,V (2506)/Galatzi 2007/CBM 118 Extra/0-1 (35)}) ({RR} 7. c4
exd4 8. Nxd4 Ne8 9. h4 c5 10. Nc2 Bxa1 11. Nxa1 Qf6 12. Nc2 Nc6 13. Bh6 Ng7 14.
Ne3 Qd8 15. Nc3 Be6 16. Nb5 Qe7 17. Nxd6 Rad8 18. Qa1 f6 19. Ne4 Nd4 20. Qb2
Ndf5 21. Nxf5 Bxf5 {
Macedo,A (1820)-Vicente,J (2102)/Famalicao 2015/CBM 167 Extra/0-1 (41)}) 7...
e4 8. Ne1 Re8 9. c4 h5 $146 ({RR} 9... Bf5 10. Nc2 Qd7 11. Ne3 Bh3 12. Nc3 c6 (
{RR} 12... Nc6 13. a3 h5 14. Qd2 Nh7 15. Ncd5 Bxg2 16. Nxg2 Nd8 17. Ngf4 c6 18.
Ne3 Ng5 19. d5 c5 20. Bxg7 Kxg7 21. Kg2 h4 22. gxh4 Nh7 23. Kh1 Qe7 24. Qc3+
Qe5 25. Qxe5+ dxe5 26. Nh3 Nf6 27. Ng5 {
Haecker,J-Matzdorf,M (2220)/Wuerttemberg 1997/EXT 1999/1/2 (53)}) 13. d5 c5 14.
Qc2 Bxg2 15. Kxg2 Na6 16. a3 Re7 17. Rab1 Rae8 18. Nb5 b6 19. Bc3 Nh5 20. Bxg7
Nxg7 21. h3 f5 22. Kh2 Rf8 23. Ng2 Nb8 24. Qd2 {
Sorri,K (2294)-Vinke,D (2246)/Helsinki 2001/EXT 2002/1/2 (71)}) 10. Nc2 h4 11.
h3 e3 12. gxh4 exf2+ 13. Rxf2 Nh5 14. e4 Qxh4 15. Qf3 f5 16. Nd2 Nc6 17. Re1 a5
18. e5 dxe5 19. dxe5 Be6 20. Qe3 f4 21. Qc3 Rad8 22. Nf3 Qg3 23. Ncd4 Bxh3 24.
Ne2 Bxe5 25. Nxg3 Bxc3 26. Rxe8+ Rxe8 27. Nxh5 Bxb2 28. Rxb2 gxh5 29. Bxh3 Re3
30. Bg2 Nb4 31. Rd2 c6 32. Nd4 Nd3 33. Nf5 Re1+ 34. Bf1 Ne5 35. Re2 Rxe2 36.
Bxe2 f3 37. Bf1 Ng4 38. Nh4 f2+ 39. Kg2 Ne3+ 40. Kxf2 Nxf1 41. Kxf1 Kf7 42. Kf2
Kf6 43. Kf3 Ke5 44. Ke3 Kf6 45. Kf4 Ke6 46. Nf5 b6 47. Ke4 b5 48. cxb5 cxb5 49.
Nd4+ Kd6 50. Nxb5+ Kc5 51. Nc3 Kb4 52. Nb1 1-0

[Event "31st open TETEVEN"]
[Site "Teteven"]
[Date "2016.08.19"]
[Round "7.2"]
[White "Danov, Lyubomir"]
[Black "Janev, Pavel"]
[Result "1-0"]
[WhiteElo "2342"]
[BlackElo "2254"]
[PlyCount "51"]
[EventDate "2016.08.13"]
[EventType "swiss"]
[EventRounds "9"]
[EventCountry "BUL"]

1. e4 c5 2. Nf3 Nc6 3. Bb5 g6 4. Bxc6 bxc6 5. O-O Bg7 6. Re1 e5 7. c3 Ne7 ({RR
} 7... Nh6 8. d4 cxd4 9. cxd4 exd4 10. Nxd4 O-O 11. Nc3 Re8 12. Nb3 d5 13. Bg5
Be6 14. Nd4 Qb6 15. Nxe6 fxe6 16. Qc2 dxe4 17. Rxe4 Nf5 18. Rd1 h6 19. Bc1 Rad8
20. Rxd8 Rxd8 21. h4 Rd4 22. Rxe6 {
Kasparov,G (2790)-Moreira,J (2220)/Cordoba  1992/EXT 1998/1-0}) 8. d4 ({RR} 8.
d3 O-O 9. Be3 d6 10. h3 Rb8 11. b4 cxb4 12. Bxa7 Rb7 13. Be3 bxc3 14. d4 Qa5
15. dxe5 c2 16. Qxc2 Bxe5 17. Bd2 Qb5 18. Nxe5 dxe5 19. Na3 Qa6 20. Nc4 Be6 21.
Nxe5 f6 22. Ng4 h5 {
Nadasi,B (2139)-Dibusz,F (2154)/Hungary 2015/EXT 2016/1-0 (32)}) 8... exd4 $146
({RR} 8... cxd4 9. cxd4 exd4 ({RR} 9... d6 10. dxe5 dxe5 11. Qxd8+ Kxd8 12.
Nbd2 f6 13. Nb3 Ke8 14. Nc5 Kf7 15. Nd2 Rd8 16. Nc4 Ng8 17. Be3 Bh6 18. Bxh6
Nxh6 19. Na5 Rd6 20. Red1 Ke7 21. Rxd6 Kxd6 22. b4 Nf7 23. Rc1 Nd8 24. f3 {
Rogoff,K-Bertok,M/Zagreb 1971/EXT 1999/1-0 (49)}) 10. Nxd4 Qb6 11. Nb3 a5 ({RR
} 11... O-O 12. Nc3 f5 13. Bg5 Rf7 14. Bxe7 Rxe7 15. Nd5 cxd5 16. Qxd5+ {
1-0 Davies,N (2360)-Thinnsen,J (2220)/Lone Pine 1981/MCL}) 12. Be3 Qd8 13. Bd4
O-O 14. Bxg7 Kxg7 15. Qd4+ Kg8 16. Nc3 d5 17. exd5 Nxd5 18. Rad1 Be6 19. Qc5
Qb6 20. Rxd5 {1-0 Nestorovic,L (1917)-Savic,D (2137)/Belgrade 2004/EXT 2005})
9. cxd4 d5 10. exd5 O-O 11. Bg5 f6 12. Bd2 Nxd5 13. dxc5 Rb8 14. Qc1 Nb4 15.
Bxb4 Rxb4 16. a3 Rb7 17. Nbd2 Qd5 18. b4 Rd8 19. Nc4 Rbd7 20. Nd6 f5 21. Rb1
Ba6 22. Qe3 Qa2 23. Rbd1 f4 24. Qxf4 Qxa3 25. Ne5 Bxe5 26. Qxe5 1-0

[Event "31st open TETEVEN"]
[Site "Teteven"]
[Date "2016.08.19"]
[Round "7.3"]
[White "Badev, Kiril"]
[Black "Yordanov, Lachezar"]
[Result "1-0"]
[WhiteElo "2292"]
[BlackElo "2267"]
[PlyCount "125"]
[EventDate "2016.08.13"]
[EventType "swiss"]
[EventRounds "9"]
[EventCountry "BUL"]

1. e4 d6 2. d4 Nf6 3. Nc3 e5 4. Nf3 Nbd7 5. Be2 Be7 6. O-O O-O 7. Re1 c6 8. a4
a5 ({RR} 8... Qc7 9. h3 b6 10. Bg5 Re8 11. Bh4 a6 12. Bc4 h6 13. Bg3 Bb7 14.
Qe2 b5 15. Ba2 Bf8 16. dxe5 dxe5 17. Nh4 Nc5 18. Qf3 Ne6 19. Nf5 Ng5 20. Qe3 b4
21. h4 Ne6 22. Ne2 Nh5 23. Rad1 {
Christiansen,L (2600)-Mokry,K (2525)/Vienna 1991/CBM 026/1-0 (32)}) 9. Bf1 Qc7
({RR} 9... Re8 10. h3 Bf8 11. Be3 exd4 12. Bxd4 Nc5 13. Bxc5 dxc5 14. Qxd8 Rxd8
15. Bc4 Nd7 16. Rad1 Re8 17. Ba2 Be7 18. Re3 Ra7 19. e5 Nb6 20. e6 Bxe6 21.
Bxe6 fxe6 22. Rxe6 Raa8 23. Rde1 Kf8 24. R1e4 {
Ali,M (2401)-Farid,F (2422)/Jakarta 2015/CBM 166 Extra/0-1 (53)}) ({RR} 9... b6
10. Bg5 Qc7 11. d5 Bb7 12. dxc6 Bxc6 13. Bb5 Rfe8 14. Qe2 h6 15. Bxf6 Nxf6 16.
Rad1 Red8 17. Qc4 Rac8 18. Ba6 Ba8 19. Qb3 Bb7 20. Bxb7 Qxb7 21. Nd5 Nxd5 22.
Rxd5 Rd7 23. Rb5 Rc6 24. c3 {
Badev,K (2359)-Milosevic,J (2107)/Veliko Gradiste 2015/CBM 167 Extra/1/2 (76)})
10. Bg5 $146 ({RR} 10. g3 Re8 11. Bg2 Bf8 12. b3 b6 13. Ba3 Ba6 14. Qd2 Rad8
15. Bb2 g6 16. Rad1 Bg7 17. Qc1 Bb7 18. Qa1 exd4 19. Nxd4 Nc5 20. h3 Re7 21.
Ncb5 Qb8 22. Nxc6 Bxc6 23. Bxf6 Bxf6 24. Qxf6 Re6 {
Backlund,A (2265)-Winge,S (2275)/Sweden 2000/EXT 2002/1-0 (55)}) ({RR} 10. h3
Re8 11. Be3 Bf8 ({RR} 11... Nf8 12. dxe5 dxe5 13. Nd2 Ne6 14. Nc4 Rd8 15. Qc1
Bc5 16. Bxc5 Nxc5 17. Qg5 Nfd7 18. Qe7 Ne6 19. Rad1 Rb8 20. Rd6 b5 21. axb5
cxb5 22. Nxe5 {
1-0 Vadla,Z (2227)-Jurkovic,A (2350)/Velika Gorica 2006/CBM 113 Extra}) 12. d5
Nb6 13. Ra3 Nfd7 14. Nd2 f5 15. exf5 Nf6 16. dxc6 bxc6 17. Rb3 Nbd5 18. Nxd5
cxd5 19. Bb6 Qf7 20. Bb5 Bd7 21. Nf3 h6 22. Qd2 Rec8 23. Nh4 Be7 24. Bxd7 Nxd7
{Ospanov,N (2234)-Karayev,A (2260)/Astana 2011/CBM 142 Extra/1/2 (39)}) 10...
Rd8 11. h3 Nf8 12. Qd2 Ne6 13. Be3 exd4 14. Nxd4 Nxd4 15. Qxd4 d5 16. Qb6 Bd6
17. exd5 Nxd5 18. Nxd5 cxd5 19. Qxc7 Bxc7 20. Bd4 Be6 21. Ra3 Bd7 22. Bb5 Bd6
23. Rb3 Bc6 24. Kf1 h6 25. Ree3 Rdc8 26. c3 Rd8 27. Ke2 Rd7 28. Kd3 f6 29. Re2
Kf7 30. h4 h5 31. g3 Kg6 32. Kd2 Kf7 33. Re3 Kg6 34. Bd3+ Kf7 35. Bb5 Kg6 36.
Ke2 Kf7 37. f4 g6 38. Kf3 Rc7 39. Bxc6 bxc6 40. Rb6 Be7 41. Re2 Bd6 42. Bf2 Be7
43. f5 gxf5 44. Kf4 Bd6+ 45. Kxf5 Be5 46. Bd4 Rg8 47. Rxe5 fxe5 48. Bxe5 Rd7
49. Rxc6 Rb7 50. Rd6 Rxb2 51. Rd7+ Ke8 52. Rxd5 Rf2+ 53. Ke4 Rg4+ 54. Bf4
Rfxf4+ 55. gxf4 Rxh4 56. Rxa5 Rh1 57. Re5+ Kd7 58. a5 h4 59. a6 Kc7 60. Re7+
Kb8 61. Rh7 h3 62. Kf5 h2 63. c4 1-0

[Event "31st open TETEVEN"]
[Site "Teteven"]
[Date "2016.08.19"]
[Round "7.4"]
[White "Yordanova, Svetla"]
[Black "Janakiev, Ivan"]
[Result "1/2-1/2"]
[WhiteElo "2158"]
[BlackElo "2077"]
[PlyCount "81"]
[EventDate "2016.08.13"]
[EventType "swiss"]
[EventRounds "9"]
[EventCountry "BUL"]

1. d4 Nf6 2. c4 g6 3. f3 d5 4. cxd5 Nxd5 5. e4 Nb6 6. Be3 Bg7 7. Nc3 c6 ({RR} 
7... e5 8. d5 c6 9. Qd2 cxd5 10. Bb5+ Bd7 11. Bxb6 Qxb6 12. Bxd7+ Nxd7 13. Nxd5
Qd6 14. Ne2 h5 15. Qb4 Qxb4+ 16. Nxb4 Bh6 17. Nd5 O-O 18. Nec3 Nc5 19. Rd1 Kg7
20. h4 Ne6 21. Kf2 Rfd8 22. g4 {
Khalifman,A (2628)-Leko,P (2701)/Budapest 2000/CBM 075/1/2 (43)}) 8. Qd2 Be6 ({
RR} 8... h5 9. O-O-O Be6 10. d5 cxd5 11. exd5 Bf5 12. Bd3 Bxd3 13. Qxd3 Qc7 14.
Nge2 N8d7 15. Kb1 Qc4 16. Qe4 Qxe4+ 17. fxe4 Nc4 18. Bf2 O-O 19. Nd4 Rac8 20.
Ka1 a6 21. Rhe1 Rfe8 22. Re2 Nce5 23. h3 {Romero Perera,E (2022)-Ramirez
Garcia,L (1764)/Llinars del Valles 2015/EXT 2016/1/2 (44)}) 9. b3 a5 $146 ({RR
} 9... Qd6 10. Rc1 Na6 11. Bxa6 bxa6 12. Nge2 Rd8 13. O-O O-O 14. Rfd1 Bc8 15.
a4 a5 16. Nb1 Be6 17. Qc2 Qb4 18. Rd3 f5 19. Qxc6 Bxb3 20. Nd2 Rc8 21. Qb7
Rxc1+ 22. Nxc1 Bc2 23. Na2 Qxa4 {
0-1 Astengo,M (2075)-Quagliarella,S (1925)/Bergamo 2008/CBM 126 Extra}) ({RR} 
9... O-O 10. Rc1 a5 11. Nge2 a4 12. Nf4 Bd7 13. Bd3 axb3 14. axb3 e5 15. dxe5
Bxe5 16. O-O Na6 17. Bxa6 Rxa6 18. Rfd1 Ra8 19. Nd3 Bf6 20. Qf2 Nc8 21. Nc5 Nb6
22. Nxb7 Qc7 23. Nd6 Nc8 24. Nxc8 {
Gebejes,A (2077)-Lapcevic,M/Niska Banja 2004/CBM 099 Extra/1-0 (43)}) 10. Rd1
h6 11. Nge2 Na6 12. Nf4 Bd7 13. Be2 a4 14. O-O axb3 15. axb3 O-O 16. d5 c5 17.
Kh1 Qc8 18. Rc1 Kh7 19. Rfd1 Rd8 20. Qe1 Be8 21. Qf2 Nd7 22. Na4 b6 23. Bb5 Rb8
24. Nd3 Nf8 25. Bxe8 Rxe8 26. Nab2 Qb7 27. Nc4 Nd7 28. Qh4 Rbc8 29. Qf4 Kg8 30.
Nde5 Nxe5 31. Nxe5 Rf8 32. Nc6 Nb8 33. Nxb8 Qxb8 34. Qh4 g5 35. Qg4 Qe5 36. Bd4
f5 37. Bxe5 fxg4 38. Bxg7 Kxg7 39. Rd3 gxf3 40. gxf3 Kf6 41. Rdc3 1/2-1/2

[Event "31st open TETEVEN"]
[Site "Teteven"]
[Date "2016.08.19"]
[Round "7.5"]
[White "Bochev, Krasimir"]
[Black "Galunov, Todor"]
[Result "1/2-1/2"]
[WhiteElo "2126"]
[BlackElo "2287"]
[PlyCount "153"]
[EventDate "2016.08.13"]
[EventType "swiss"]
[EventRounds "9"]
[EventCountry "BUL"]

1. Nf3 f5 2. g3 Nf6 3. Bg2 d6 4. d4 g6 5. O-O Bg7 6. c4 O-O 7. Nc3 Qe8 8. d5
Na6 9. Rb1 Nc5 10. Nd4 Bd7 ({RR} 10... Qf7 11. b4 e5 12. dxe6 Nxe6 13. Nxe6
Bxe6 14. Bxb7 Rab8 15. Bg2 Bxc4 16. Be3 Rbe8 17. Qd2 Ne4 18. Nxe4 fxe4 19. a4
a6 20. b5 axb5 21. axb5 Qf5 22. b6 cxb6 23. Rxb6 d5 24. Rb7 Rf7 25. Rfb1 {
Karpov,A (2651)-Nakamura,H (2704)/Cap d'Agde 2008/EXT 2009/0-1 (52)}) 11. b4
Nce4 12. Nxe4 Nxe4 13. Bb2 $146 ({RR} 13. Qd3 e5 ({RR} 13... Qf7 14. f3 Nf6 15.
e4 c5 16. bxc5 dxc5 17. Nb3 fxe4 18. fxe4 Rac8 19. Be3 b6 20. a4 Qe8 21. a5 Ng4
22. Rxf8+ Qxf8 23. Rf1 Bf6 24. Bf4 Qg7 25. Qe2 Ne5 26. axb6 axb6 27. Nc1 Ra8
28. Nd3 {Schwartzman,G (2505)-Sloan,T/Chicago 1994/EXT 1997/1/2 (44)}) 14. dxe6
Bxe6 15. Bb2 ({RR} 15. Nxe6 Qxe6 16. Bb2 Bxb2 17. Rxb2 Rae8 18. e3 Qe5 19. Qd4
b6 20. Rd1 Qxd4 21. exd4 Nc3 22. Rd3 Re1+ 23. Bf1 Rc1 24. Re3 f4 25. gxf4 Rxf4
26. Rd2 Ne4 27. Rxe4 Rxe4 28. Kg2 Ree1 29. Be2 Kf7 {
Froes,L (1877)-Molina,R (2371)/Itauna 2009/CBM 132 Extra/0-1 (31)}) 15... Bd7
16. Nb5 Bxb2 17. Rxb2 Bxb5 18. cxb5 Qe5 19. Rc2 d5 20. Rd1 Rad8 21. e3 Rf7 22.
Qb3 Kg7 23. Rd4 Rd6 24. Rc1 g5 25. Rcd1 Rfd7 26. a4 h6 27. Bh3 Kg6 {
Stamenkovic,D (2423)-Molina,R (2353)/Vitoria 2007/CBM 118 Extra/1-0 (42)})
13... a5 14. a3 axb4 15. axb4 Ra4 16. Ne6 Bxe6 17. Bxg7 Kxg7 18. Bxe4 fxe4 19.
Qd4+ Kg8 20. dxe6 Qc6 21. Rb3 Rf6 22. f3 Rxe6 23. f4 Rf6 24. Rc1 Rf5 25. e3 e5
26. fxe5 Rxe5 27. Rb2 Rf5 28. b5 Qc5 29. Qxe4 Re5 30. Qd4 Rxe3 31. Qxc5 dxc5
32. Rd2 Kf7 33. Rd7+ Re7 34. Rd5 b6 35. Rd2 h5 36. Rf2+ Kg7 37. Rd2 Ra3 38. Kg2
g5 39. Rcc2 g4 40. Rd5 Kg6 41. Rd8 Rae3 42. Kf2 Rf3+ 43. Kg2 Rfe3 44. Kf2 R3e6
45. Rg8+ Rg7 46. Rc8 Rd7 47. Rg8+ Rg7 48. Rc8 Re4 49. Rd8 Rf7+ 50. Kg2 Rfe7 51.
Kf2 Kf6 52. Rh8 R4e5 53. Rd8 Ke6 54. Kg2 Rf7 55. Re8+ Re7 56. Rd8 Kf5 57. Kf2
Rf7 58. Kg2 Ree7 59. Rd5+ Kg6 60. Rd8 Rd7 61. Rg8+ Kf5 62. Re8 Rde7 63. Rd8 Rd7
64. Re8 Rfe7 65. Rf2+ Kg6 66. Rg8+ Kh7 67. Rgf8 Kg7 68. Rc8 Rd4 69. Rc2 Red7
70. Kf1 Rd1+ 71. Ke2 R1d4 72. Ke3 Re7+ 73. Kf2 Kg6 74. Rg8+ Kh7 75. Rc8 Rf7+
76. Kg2 Rfd7 77. Kf1 1/2-1/2

[Event "31st open TETEVEN"]
[Site "Teteven"]
[Date "2016.08.19"]
[Round "7.6"]
[White "Monev, Aleksandar"]
[Black "Dereshki, Dario"]
[Result "1-0"]
[WhiteElo "2167"]
[BlackElo "2004"]
[PlyCount "55"]
[EventDate "2016.08.13"]
[EventType "swiss"]
[EventRounds "9"]
[EventCountry "BUL"]

1. c4 e5 2. Nc3 Nc6 3. g3 g6 4. Bg2 Bg7 5. e3 Nge7 6. Nge2 O-O 7. O-O d6 8. d3
f5 9. f4 ({RR} 9. Nd5 Be6 10. Nec3 Kh8 11. Bd2 g5 12. f4 exf4 13. exf4 g4 14.
Re1 Nd4 15. Be3 Nec6 16. Bf2 Qd7 17. b4 Nf3+ 18. Bxf3 gxf3 19. Qxf3 Nxb4 20.
Rac1 Nxd5 21. cxd5 Bf7 22. Ne2 Qb5 23. Bd4 Bxd4+ {
Rakhmanov,A (2636)-Smirin,I (2655)/St Petersburg 2014/EXT 2015/0-1 (38)}) ({RR
} 9. Rb1 a5 10. Nd5 Kh8 11. Kh1 Nxd5 12. cxd5 Ne7 13. f4 Bd7 14. e4 c6 15. dxc6
Bxc6 16. Be3 d5 17. Bc5 b6 18. Bxe7 Qxe7 19. exd5 Bb7 20. fxe5 Bxe5 21. d4 Bg7
22. Nf4 Qd6 23. Re1 Rfe8 {
Hardicsay,P (2253)-Vodila,M (1739)/Hungary 2015/EXT 2016/1-0 (83)}) 9... Be6
10. Nd5 Bf7 11. Nec3 $146 ({RR} 11. Bd2 Rb8 12. Qb3 Qd7 13. Rac1 Nd8 14. fxe5
Nxd5 15. cxd5 dxe5 16. e4 c6 17. Qa4 b5 18. Qa5 fxe4 19. dxe4 Rb7 20. Bb4 Re8
21. d6 Bh6 22. Rcd1 Bc4 23. Bf3 Be3+ 24. Kg2 c5 25. Qa3 Bd4 {
Seidens,U-Froehner,C (2255)/Germany 1996/EXT 1998/0-1 (73)}) 11... Re8 12. Rb1
exf4 13. gxf4 Qc8 14. Qf3 Rb8 15. Bd2 a6 16. Kh1 b5 17. b3 b4 18. Ne2 Qd7 19.
Rbc1 a5 20. Qf2 Nd8 21. e4 Ne6 22. Be3 c6 23. Nxe7+ Rxe7 24. Bh3 Qe8 25. Ng3
Nd8 26. Rce1 fxe4 27. dxe4 Rxe4 28. Ba7 1-0

[Event "31st open TETEVEN"]
[Site "Teteven"]
[Date "2016.08.19"]
[Round "7.8"]
[White "Mitev, Mitko"]
[Black "Todorov, Momchil"]
[Result "0-1"]
[WhiteElo "1752"]
[BlackElo "2304"]
[PlyCount "90"]
[EventDate "2016.08.13"]
[EventType "swiss"]
[EventRounds "9"]
[EventCountry "BUL"]

1. e4 c5 2. c3 Nf6 3. e5 Nd5 4. d4 cxd4 5. cxd4 d6 6. Nf3 e6 7. Bc4 Nb6 8. Bb3
dxe5 9. dxe5 Qxd1+ 10. Bxd1 Nc6 11. O-O Be7 12. Nc3 O-O 13. Re1 Rd8 14. a3 $146
({RR} 14. Ne4 h6 15. Bd2 Nd7 16. Bc3 b6 17. Ba4 Bb7 18. Rad1 Nc5 19. Bc2 Nxe4
20. Bxe4 Rxd1 21. Rxd1 Rd8 22. Rxd8+ Nxd8 23. Bxb7 Nxb7 24. Nd4 Nd8 25. f4 Kf8
26. Kf2 Bc5 27. Kf3 Bxd4 28. Bxd4 Ke7 {
Nagashima,C (2045)-Crosa Coll,M (2446)/Sao Paulo 2003/CBM 093 Extra/1/2 (71)})
14... Bd7 15. Bc2 h6 16. b3 f5 17. Bb2 Be8 18. Rad1 a6 19. Bb1 Bh5 20. Ne2 Kf7
21. Ned4 Nxd4 22. Rxd4 Bc5 23. Rdd1 Rac8 24. b4 Nc4 25. Bc1 Ba7 26. Rxd8 Rxd8
27. Ba2 b5 28. Bxc4 bxc4 29. Kf1 Ke7 30. Be3 Bb8 31. Bc5+ Kf7 32. Nd4 Rd5 33.
Nc6 Bc7 34. f4 g5 35. g3 gxf4 36. gxf4 Rd2 37. h3 c3 38. Be3 Rd3 39. Bc1 Bb6
40. Kg2 Bf3+ 41. Kf1 Bxc6 42. h4 Bf3 43. a4 Rd2 44. a5 Rf2+ 45. Kg1 Rg2+ 0-1

[Event "31st open TETEVEN"]
[Site "Teteven"]
[Date "2016.08.19"]
[Round "7.9"]
[White "Kostov, Galin"]
[Black "Nikolaev, Georgi"]
[Result "0-1"]
[WhiteElo "2181"]
[BlackElo "1903"]
[PlyCount "96"]
[EventDate "2016.08.13"]
[EventType "swiss"]
[EventRounds "9"]
[EventCountry "BUL"]

1. Nf3 Nc6 2. g3 e5 3. d3 g6 4. c4 Bg7 5. Bg2 Nge7 6. Nc3 d6 7. O-O h6 8. Rb1
f5 ({RR} 8... a5 9. a3 Nd4 ({RR} 9... Bg4 10. Nd5 Qd7 11. h3 Bxf3 12. Bxf3 Nxd5
13. cxd5 Nd4 14. Bg2 a4 15. e4 O-O 16. Be3 Nb3 17. Kh2 f5 18. exf5 gxf5 19. f4
Rae8 20. Rf2 Re7 21. Qh5 exf4 22. Bxf4 Qe8 23. Bf3 Nc5 24. Rd1 {
Agbabishvili,L (1978)-Dougherty,M (2138)/Caleta 2015/CBM 164 Extra/0-1 (53)})
10. b4 axb4 11. axb4 O-O 12. b5 Bg4 13. Nd2 Qc8 14. Re1 Bh3 15. Bh1 Kh7 16. e3
Ne6 17. Nd5 Nxd5 18. cxd5 Nc5 19. Qc2 b6 20. Nc4 Qf5 21. e4 Qd7 22. Be3 Qe7 23.
Bg2 {Rechlis,G (2445)-Speelman,J (2555)/Beersheba 1987/CBM 005/1/2}) 9. Bd2 Be6
10. b4 Qd7 11. b5 $146 ({RR} 11. Qc1 Nd8 12. b5 Nf7 13. a4 O-O 14. Ne1 Rab8 15.
Be3 c5 16. Bd2 Rfc8 17. Qa3 Kh7 18. Nc2 g5 19. Ne3 Rg8 20. Ned5 Ng6 21. a5 Nd8
22. b6 a6 23. Nc7 Bf7 24. N3d5 Ne7 25. Nxe7 Qxe7 {
Mader,L (1889)-Kessler,A (2181)/Worms 2013/EXT 2014/0-1 (49)}) 11... Nd8 12.
Qc2 O-O 13. Rfc1 c6 14. bxc6 bxc6 15. Qa4 Nb7 16. Qa3 Rfc8 17. Na4 e4 18. Ne1
d5 19. Rxb7 Qxb7 20. Nc5 Bb2 21. Qa5 Qb6 22. Rb1 Bf7 23. Qa4 Qxc5 24. Rxb2 dxc4
25. Qc2 exd3 26. exd3 Rab8 27. Bxh6 Qe5 28. Rb1 Rxb1 29. Qxb1 c3 30. Nf3 Qc5
31. d4 Qc4 32. Qe1 c2 33. Bf1 Qe6 34. Qc3 Nd5 35. Qxc2 Nf6 36. Ng5 Qxa2 37. Qc1
Ng4 38. Nh3 Nxh6 39. Qxh6 Re8 40. Nf4 Qd2 41. h4 Qxd4 42. Nxg6 Qg7 43. Qxg7+
Kxg7 44. Nf4 Re1 45. Nd3 Rd1 46. Ne5 Kf6 47. f4 a5 48. Kf2 a4 0-1

[Event "31st open TETEVEN"]
[Site "Teteven"]
[Date "2016.08.19"]
[Round "7.10"]
[White "Stojanov, Alexandar"]
[Black "Nikolov, Petko"]
[Result "1-0"]
[WhiteElo "2121"]
[BlackElo "1855"]
[PlyCount "87"]
[EventDate "2016.08.13"]
[EventType "swiss"]
[EventRounds "9"]
[EventCountry "BUL"]

1. e4 d6 2. d4 Nf6 3. Nc3 Nbd7 4. Nf3 e5 5. Bc4 Be7 6. O-O c6 7. a4 h6 8. a5
Qc7 9. dxe5 dxe5 10. Nh4 Nc5 11. Qf3 g6 12. Qg3 g5 13. Nf5 Ncxe4 14. Nxe4 Nxe4
15. Qf3 Nd6 $4 (15... Bxf5 $142 $16) 16. Nxd6+ Bxd6 17. Qf6 Rf8 18. Qxh6 f6 19.
Qg6+ Kd8 20. Rd1 Qe7 21. Bxg5 Kc7 22. Bh6 Qe8 23. Qd3 Be7 24. Bxf8 Bxf8 25.
Qh7+ Be7 26. Rd3 Bg4 27. Rg3 Bd7 28. Rg8 Bf8 29. Rd1 Rd8 30. Rxf8 Qxf8 31. Be6
Qe8 32. Rxd7+ Rxd7 33. Qxd7+ Qxd7 34. Bxd7 Kxd7 35. f3 Ke6 36. Kf2 b5 37. Ke3
Kd5 38. g4 Ke6 39. Ke4 Ke7 40. b4 Ke6 41. h4 Ke7 42. Kf5 Kf7 43. a6 Kg7 44. g5
1-0